MARC

Tag First Indicator Second Indicator Subfields
LEADER 00000pam a2200000 a 4500
001 in00000085649
005 20151008053237.0
008 791107s1980 nbua 00010aengm
010 |a  79024929  
020 |a 0803218036 
035 |a (OCoLC)05726700 
035 |9 AAH6792AM 
040 |a DLC  |c DLC  |d m.c.  |d TXA  |d UtOrBLW 
043 |a n-us-ok 
049 |a TXAS [dyks]  |c 1,2 
050 0 0 |a F702 B4  |b  E733 
082 0 |a 976.6/14/050924  |a B 
100 1 |a Erickson, John R.,  |d 1943- 
245 1 0 |a Panhandle cowboy /  |c John R. Erickson ; foreword by Larry McMurtry ; photos. by Bill Ellzey. 
264 1 |a Lincoln :  |b University of Nebraska Press,  |c [1980] 
264 4 |c ©1980 
300 |a xiii, 213 pages :  |b illustrations ;  |c 22 cm. 
336 |a text  |b txt  |2 rdacontent 
337 |a unmediated  |b n  |2 rdamedia 
338 |a volume  |b nc  |2 rdacarrier 
600 1 0 |a Erickson, John R.,  |d 1943- 
651 2 0 |a Crown Ranch (Okla.) 
650 0 |a Ranch life  |z Oklahoma  |z Beaver County. 
650 0 |a Cowboys  |z Oklahoma  |z Beaver County  |x Biography. 
651 0 |a Beaver County (Okla.)  |x Social life and customs. 
651 0 |a Beaver County (Okla.)  |x Biography. 
700 1 |a Ellzey, Bill. 
999 |a MARS 
999 f f |s 2d29b3c0-eb6f-319a-b8b2-57cf039c4ce0  |i 02217ca4-8a44-316a-968d-6fbb090a80d5  |t 0 
952 f f |p noncirc  |a Texas A&M University  |b College Station  |c Cushing Memorial Library & Archives  |d Cushing: Dykes (Does not check out)  |t 0  |e F702.B4 E733  |h Library of Congress classification  |i unmediated -- volume  |m A14851725862 
952 f f |p noncirc  |a Texas A&M University  |b College Station  |c Cushing Memorial Library & Archives  |d Cushing: Dykes (Does not check out)  |t 0  |e F702.B4 E733  |h Library of Congress classification  |i unmediated -- volume  |m A14851725870 
998 f f |a F702.B4 E733  |t 0  |l Cushing: Dykes (Does not check out) 
998 f f |a F702.B4 E733  |t 0  |l Cushing: Dykes (Does not check out)